Statistiques concernant joueurs de football

Cliquez ici pour prendre le quiz!

Statistiques générales

  • Ce quiz a été pris 51 fois
  • Le résultat moyen est 2 sur 15

Statistiques - réponses

Réponse% Correct
hazard
69%
haaland
50%
ramos
29%
bellingham
15%
de gea
6%
onana
4%
gomez
2%
balmont
0%
botman
0%
dest
0%
van der sar
0%
drinkwater
0%
le bihan
0%
shmelzer
0%
sotocca
0%

Distribution des résultats

Percentile par nombre de réponses

% des personnes avec chaque résultat

Votre développement - résultats

Vous n’avez pas pris ce quiz